000 00889nam a2200253Ia 4500
003 OSt
005 20220923222323.0
006 a|||||r|||| 00| 0
007 ta
008 220922b |||||||| |||| 00| 0 guj d
024 _a204,474
037 _cTextual
040 _aARTS
_cARTS
_bguj
041 _2guj
_aguj
082 _aO156,3N38,DA, 152N2
100 _aचौधरी, रघुवीर; गुप्ता, मूलचंद, अनु.
_9166748
245 0 _aदरार
246 _aDarāra
260 _aदिल्ली
_b इन्द्रप्रस्थ प्रकाशन
_c1992
300 _a160पृ0
_ccm.
650 _aगुजराती साहित्य
942 _hO156,3N38,DA, 152N2
_cTEXL
_2CC
999 _c355222
_d355222